| 000 | 00332nam a2200133Ia 4500 | ||
|---|---|---|---|
| 008 | 200103s9999||||xx |||||||||||||| ||und|| | ||
| 020 | _a8172245866 | ||
| 040 | _aIMU-MPC | ||
| 082 | _aColumn-9 | ||
| 100 | _aSmith, Edward H. | ||
| 245 | 0 | _aMechanical Engineer's Reference Book | |
| 260 |
_bJaico Publishing House _c1997 |
||
| 942 | _cBK | ||
| 999 |
_c4160 _d4160 |
||